|
|
|
|
| LEADER |
00000nam a22000007a 4500 |
| 005 |
20210518233719.0 |
| 007 |
cr|||| |||| |
| 008 |
210518s2016 br |||||s|||| 00||0 por d |
| 020 |
|
|
|a 078-85-8310-074-4
|
| 035 |
|
|
|a 33301
|
| 040 |
|
|
|a vLex
|
| 090 |
|
|
|c 11728
|d 11728
|
| 100 |
1 |
|
|a Conrado, Paulo Cesar
|
| 245 |
1 |
0 |
|a Processo Tributr̀io Analt̕ico
|h [Recurso electrn̤ico] /
|c Paulo Cesar Conrado
|n Volume II
|
| 256 |
|
|
|a Servicio en ln̕ea
|
| 260 |
|
|
|a San Pablo:
|b Editora Noeses,
|c 2016
|
| 300 |
|
|
|a 1 recurso electrn̤ico
|
| 500 |
|
|
|a O livro ̌resultado dos debates realizados no Grupo de Estudos de Processo Tributr̀io do Instituto Brasileiro de Estudos Tributr̀ios - IBET, do qual os autores sô integrantes. Este grupo foi organizado para reflexô sobre a aplicaȯ̂ inďita do modelo ter̤ico do constructivismo lg̤ico-semńtico (linha metodolg̤ica difundida por Paulo de Barros Carvalho, com escl̤io na obra de Lourival Vilanova) na seara do Direito Processual Tributr̀io.
|
| 506 |
1 |
|
|a Disponible solo en los productos indicados
|d vLex Global
|d vLex Global (Academic Edition, excluding Law Schools)
|d vLex Global (U.S. Academic Edition, Law Schools)
|d vLex Global (U.S. Academic Edition, excluding Law Schools)
|d vLex Global (Academic Edition, Law Schools)
|
| 650 |
0 |
4 |
|a Derecho Tributario
|z Brasil
|
| 740 |
0 |
|
|a vLex Libros (Servicio en ln̕ea)
|
| 856 |
4 |
0 |
|u https://vlex.com/source/processo-tributario-analitico-volume-ii-33301
|z Acceso restringido
|
| 942 |
|
|
|c BOOK
|
| 999 |
0 |
|
|a Tax Law
|